Mô hình quản lý và xử lý chất thải rắn phù hợp với vai trò phụ nữ nông thôn tại huyện Châu Thành tỉnh Hậu Giang : Luận văn tốt nghiệp Cao học . Chuyên ngành Quản lý môi trường và tài nguyên

Nghiên cứu và đánh giá vai trò phụ nữ trong quản lý và xử lý chất thải rắn sinh hoạt (hộ gia đình) khu vực nông thôn (xã Đông Thạnh, huyện Châu Thành, tỉnh Hậu giang), đề xuất giải pháp quản lý và xử lý cho phù hợp....

全面介绍

Đã lưu trong:
书目详细资料
主要作者: Ngô, Thị Tuyết Em
格式: 图书
语言:Undetermined
出版: Cần Thơ Trường Đại học Cần Thơ 2017
主题:
标签: 添加标签
没有标签, 成为第一个标记此记录!
Thư viện lưu trữ: Trung tâm Học liệu Trường Đại học Cần Thơ
LEADER 01347nam a2200229Ia 4500
001 CTU_221239
008 210402s9999 xx 000 0 und d
082 |a 628.44 
082 |b E202 
088 |a 60850101 
100 |a Ngô, Thị Tuyết Em 
245 0 |a Mô hình quản lý và xử lý chất thải rắn phù hợp với vai trò phụ nữ nông thôn tại huyện Châu Thành tỉnh Hậu Giang : 
245 0 |b Luận văn tốt nghiệp Cao học . Chuyên ngành Quản lý môi trường và tài nguyên 
245 0 |c Ngô Thị Tuyết Em ; Nguyễn Xuân Hoàng (Cán bộ hướng dẫn) 
260 |a Cần Thơ 
260 |b Trường Đại học Cần Thơ 
260 |c 2017 
520 |a Nghiên cứu và đánh giá vai trò phụ nữ trong quản lý và xử lý chất thải rắn sinh hoạt (hộ gia đình) khu vực nông thôn (xã Đông Thạnh, huyện Châu Thành, tỉnh Hậu giang), đề xuất giải pháp quản lý và xử lý cho phù hợp. 
650 |a Refuse and refuse disposal,Xử lý chất thải rắn 
650 |x Environmental aspects,Khía cạnh môi trường 
904 |i Hải 
980 |a Trung tâm Học liệu Trường Đại học Cần Thơ